Mein Hindi hun (Hindi) (Record no. 74971)

MARC details
000 -LEADER
fixed length control field 00340nam a22001337a 4500
020 ## - INTERNATIONAL STANDARD BOOK NUMBER
ISBN 978 93 91934 19 4
082 ## - DEWEY DECIMAL CLASSIFICATION NUMBER
Classification number 82-3=214.21
Item number RUP
100 ## - MAIN ENTRY--AUTHOR NAME
Personal name RUPA DEVI, Comp.
245 ## - TITLE STATEMENT
Title Mein Hindi hun (Hindi)
260 ## - PUBLICATION, DISTRIBUTION, ETC. (IMPRINT)
Place of publication Hyderabad
Name of publisher Geeta Prakashan
Year of publication 2022
300 ## - PHYSICAL DESCRIPTION
Number of Pages 167p.
500 ## - GENERAL NOTE
General note Collection of articles, poems & stories
942 ## - ADDED ENTRY ELEMENTS (KOHA)
Koha item type Books
Holdings
Withdrawn status Lost status Damaged status Not for loan Home library Current library Date acquired Source of acquisition Full call number Accession Number Koha item type
        RRII Library RRII Library 21/03/2023 Complementary copy from Hindi section, HO, Kottayam 82-3=214.21 RUP G01687 Books